000 00402pab a2200157 454500
008 180718b2005 xxu||||| |||| 00| 0 eng d
100 _aChoudhary, Bikramaditya Kumar
245 _aWastepicking: a marginalized informal activity in urban space
260 _c2005
300 _ap.93-116.
362 _aJul-Dec
650 _aWaste treatment
773 _aUrban India
908 _aN
909 _a75478
999 _c75478
_d75478